Australian Boomers 2023 World Cup Team - Statistics

General Stats
  • This quiz has been taken 24 times
  • The average score is 8 of 13
Answer Stats
Position Answer % Correct
Guard Patty Mills
95%
Guard Josh Giddey
91%
Forward Joe Ingles
77%
Guard Dante Exum
68%
Center Duop Reath
68%
Guard Dyson Daniels
68%
Guard/Forward Josh Green
59%
Guard/Forward Matisse Thybulle
59%
Forward/Center Nick Kay
59%
Guard/Forward Chris Goulding
50%
Forward/Center Xavier Cooks
50%
Forward Jack White
45%
Coach Brian Goorjian
36%
No matching quizzes found
Score Distribution
Percent of People with Each Score
Percentile by Number Answered
Your Score History
You have not taken this quiz